书目信息 |
| 题名: |
新型农村社会养老保险制度的可持续性评估
|
|
| 作者: | 王翠琴 著 | |
| 分册: | ||
| 出版信息: | 北京 社会科学文献出版社 2019 |
|
| 页数: | 273页 | |
| 开本: | 23cm | |
| 丛书名: | 社会政策丛书 | |
| 单 册: | ||
| 中图分类: | F842.612 | |
| 科图分类: | ||
| 主题词: | 农村--nong cun--社会养老保险--养老保险制度--可持续性发展--评估--研究--中国 | |
| 电子资源: | ||
| ISBN: | 978-7-5201-4798-9 | |
| 000 | 01494oam2 2200289 450 | |
| 001 | 2160508866 | |
| 005 | 20210926145306.0 | |
| 010 | @a978-7-5201-4798-9@dCNY89.00 | |
| 100 | @a20190904d2019 em y0chiy0120 ea | |
| 101 | 0 | @achi |
| 102 | @aCN@b110000 | |
| 105 | @ay z 000yy | |
| 106 | @ar | |
| 200 | 1 | @a新型农村社会养老保险制度的可持续性评估@Axin xing nong cun she hui yang lao bao xian zhi du de ke chi xu xing ping gu@dSustainability assessment on the new social endowment insurance system in rural areas@f王翠琴著@zeng |
| 210 | @a北京@c社会科学文献出版社@d2019 | |
| 215 | @a273页@d23cm | |
| 225 | 2 | @a社会政策丛书@Ashe hui zheng ce cong shu |
| 300 | @a本书为国家社科基金青年项目“新型农村社会养老保险制度的可持续性评估研究”的研究成果 | |
| 314 | @a王翠琴 (1983-),女,湖北赤壁人,现为华中农业大学社会工作系/农村社会建设与管理研究中心副教授、硕士生导师。 | |
| 330 | @a本书从系统的、动态的视角分析新农保制度可持续性的各种条件,构建起新农保制度可持续性评估指标体系,并以2014年为例,对各省新农保制度的可持续性进行短期静态的综合评估,并选取主要指标对层面的新农保制度的可持续性进行长期、动态的评估。 | |
| 461 | 0 | @12001 @a社会政策丛书 |
| 510 | 1 | @aSustainability assessment on the new social endowment insurance system in rural areas@zeng |
| 606 | 0 | @a农村@Anong cun@x社会养老保险@x养老保险制度@x可持续性发展@x评估@x研究@y中国 |
| 690 | @aF842.612@v5 | |
| 701 | 0 | @a王翠琴@Awang cui qin@f(1983-)@4著 |
| 801 | 0 | @aCN@b百万庄@c20210926 |
| 905 | @b1300595-98@dF842.612@e138@f4 | |
| 新型农村社会养老保险制度的可持续性评估=Sustainability assessment on the new social endowment insurance system in rural areas/王翠琴著.-北京:社会科学文献出版社,2019 |
| 273页;23cm.-(社会政策丛书) |
| 本书为国家社科基金青年项目“新型农村社会养老保险制度的可持续性评估研究”的研究成果 |
| ISBN 978-7-5201-4798-9:CNY89.00 |
| 本书从系统的、动态的视角分析新农保制度可持续性的各种条件,构建起新农保制度可持续性评估指标体系,并以2014年为例,对各省新农保制度的可持续性进行短期静态的综合评估,并选取主要指标对层面的新农保制度的可持续性进行长期、动态的评估。 |
| ● |
| 相关链接 |
|
|
|
|
正题名:新型农村社会养老保险制度的可持续性评估
索取号:F842.612/138
 
预约/预借
| 序号 | 登录号 | 条形码 | 馆藏地/架位号 | 状态 | 备注 |
| 1 | 1300595 | 213005950 | 第一样本阅览室/ [索取号:F842.612/138] | 在馆 | |
| 2 | 1300596 | 213005969 | 第一借阅区/ [索取号:F842.612/138] | 在馆 | |
| 3 | 1300597 | 213005978 | 第一借阅区/ [索取号:F842.612/138] | 在馆 | |
| 4 | 1300598 | 213005987 | 第一借阅区/ [索取号:F842.612/138] | 在馆 |